Economía social de mercado en Chile: Mito o realidad?
Guardat en:
| Autor principal: | |
|---|---|
| Format: | Llibre |
| Idioma: | espanyol |
| Publicat: |
Viña del Mar
Altazor Ediciones
2013
|
| Edició: | 1a. ed |
| Matèries: | |
| Etiquetes: |
Afegir etiqueta
Sense etiquetes, Sigues el primer a etiquetar aquest registre!
|
MARC
| LEADER | 00000cam a2200000 a 4500 | ||
|---|---|---|---|
| 001 | UCE1135 | ||
| 003 | CL-VaPUC | ||
| 008 | 140331e20130000cl |||||||||||||||||spa|d | ||
| 020 | |a 9789569205194 | ||
| 082 | 0 | 4 | |a 330.124 |b YAÑ |2 21 |
| 100 | 0 | |a Yáñez Rojas, Eugenio |e author |9 573513 | |
| 245 | 1 | 0 | |a Economía social de mercado en Chile: Mito o realidad? |
| 250 | |a 1a. ed | ||
| 300 | |a 403 p | ||
| 942 | |c BK | ||
| 945 | |d 20140331 09:48:00 |a dcastane | ||
| 260 | |a Viña del Mar |b Altazor Ediciones |c 2013 | ||
| 650 | 0 | |a Economía social de mercado |9 258280 | |
| 650 | 0 | |a Socialismo |9 255260 | |
| 650 | 7 | |a SISTEMAS ECONOMICOS |2 CL-VaPUC |9 573514 | |
| 583 | |a last modification |c 20140331 09:48:00 |k Rodrigo Vera | ||
| 999 | |c 355044 |d 355042 | ||
| 952 | |0 0 |1 0 |3 erb |4 0 |6 330_124000000000000_YAÑ_2013 |7 0 |8 A |9 461391 |a BIBHIS |b BIBHIS |i 5063981 |o 330.124 YAÑ 2013 |p 5063981 |r 2025-01-20 |w 2019-11-23 |y BK |z Catalogado en:20140331 |k HIS | ||
| 952 | |0 0 |1 0 |2 ddc |3 erb |4 0 |6 330_124000000000000_YAÑ_2013 |7 0 |8 A |9 461392 |a BIBENE |b BIBENE |i 5064457 |l 1 |o 330.124 YAÑ 2013 |p 5064457 |r 2025-01-15 |s 2023-06-07 |w 2019-11-23 |y BK |z Catalogado en:20140331 |k ICO | ||
| 952 | |0 0 |1 0 |3 erb |4 0 |6 330_124000000000000_YAÑ_2013 |7 0 |8 A |9 461393 |a BIBENE |b BIBENE |i 5146542 |o 330.124 YAÑ 2013 |p 5146542 |r 2025-01-15 |w 2019-11-23 |y BK |z Catalogado en:20150423 |k ICO | ||